AH International Schools' Libraries

Where's Wally?: The Totally Essential Travel Collection / (Record no. 48019)

MARC details
000 -LEADER
fixed length control field 00331nam a2200109 4500
020 ## - INTERNATIONAL STANDARD BOOK NUMBER
International Standard Book Number 9781406333527
100 ## - MAIN ENTRY--PERSONAL NAME
Personal name Handford, Martin,
Relator term author.
9 (RLIN) 36537
245 ## - TITLE STATEMENT
Title Where's Wally?: The Totally Essential Travel Collection /
Statement of responsibility, etc by Martin Handford.
260 ## - PUBLICATION, DISTRIBUTION, ETC. (IMPRINT)
Place of publication, distribution, etc UK ;
Name of publisher, distributor, etc Walker & Company :
Date of publication, distribution, etc 2011.
300 ## - PHYSICAL DESCRIPTION
Extent 172 pages.
942 ## - ADDED ENTRY ELEMENTS (KOHA)
Source of classification or shelving scheme
Koha item type Book
Holdings
Withdrawn status Lost status Source of classification or shelving scheme Damaged status Not for loan Home library Current library Date acquired Total Checkouts Total Renewals Full call number Barcode Date last seen Date checked out Price effective from Koha item type
          Logos International School Logos International School 12/02/2024 14 1 J 793.73 HAN 040208 04/09/2026 04/02/2026 12/02/2024 Book

For any Logos Library related questions please contact Miss Art at swongnarasuk@asianhope.org.

For any Asian Hope Library related questions please contact Miss Raza at graza@asianhope.org.

Powered by Koha